ბათუმის შოთა რუსთაველის სახელმწიფო უნივერსიტეტის ბიბლიოთეკა

Курортология и физиотерапия : Т.1 В 2-х томах / (ბიბ.ჩანაწერი № 42470)

000 -LEADER
fixed length control field 00702nam a2200193Ia 4500
001 - CONTROL NUMBER
control field 9166
003 - CONTROL NUMBER IDENTIFIER
control field GE_BSU
005 - DATE AND TIME OF LATEST TRANSACTION
control field 20240607174922.0
008 - FIXED-LENGTH DATA ELEMENTS--GENERAL INFORMATION
fixed length control field 181216s1985||||ru |||||||||||||| ||rus||
040 ## - CATALOGING SOURCE
Transcribing agency GE_BSU
041 ## - LANGUAGE CODE
Language code of text/sound track or separate title rus
080 ## - UNIVERSAL DECIMAL CLASSIFICATION NUMBER
Universal Decimal Classification number 615.834 К-93
245 ## - TITLE STATEMENT
Title Курортология и физиотерапия : Т.1 В 2-х томах /
Statement of responsibility, etc. Под ред. В. М. Боголюбова ; Ред. сост. В. Д. Григорьева.
264 ## - PRODUCTION, PUBLICATION, DISTRIBUTION, MANUFACTURE, AND COPYRIGHT NOTICE
Place of production, publication, distribution, manufacture Москва :
Name of producer, publisher, distributor, manufacturer Медицина,
Date of production, publication, distribution, manufacture, or copyright notice 1985.
300 ## - PHYSICAL DESCRIPTION
Extent 560 стр. ;
Dimensions 22 см.
520 ## - SUMMARY, ETC.
Summary, etc. Предметный указатель стр. : 556-560
653 ## - INDEX TERM--UNCONTROLLED
keyword Курортология и физиотерапия
942 ## - ADDED ENTRY ELEMENTS (KOHA)
Koha item type წიგნი
Source of classification or shelving scheme
ეგზემპლარები
Withdrawn status Lost status Source of classification or shelving scheme Damaged status Not for loan Permanent Location Current Location Shelving location Date acquired Full call number Barcode Date last seen Copy number Price effective from Koha item type
          ბათუმის შოთა რუსთაველის სახელმწიფო უნივერსიტეტის მთავარი ბიბლიოთეკა ბათუმის შოთა რუსთაველის სახელმწიფო უნივერსიტეტის მთავარი ბიბლიოთეკა წიგნსაცავი 2018-12-17 615.834 К-93 26815 2018-12-17 26815 2018-12-17 წიგნი